000 02963cam a22004094a 4500
001 13998300
005 20170105102921.0
008 050610s2006 nyua b 101 0 eng
010 _a 2005049940
015 _aGBA597081
_2bnb
016 7 _a013337852
_2Uk
020 _a0195685512
035 _a(OCoLC)ocm60664438
035 _a(OCoLC)60664438
040 _aDLC
_cDLC
_dOCLCQ
_dUKM
_dC#P
_dBAKER
_dEU0
_dNBU
_dCOO
_dDLC
042 _apcc
050 0 0 _aHF1418.5
_b.G581655 2006
082 0 0 _a337.1
_222
245 0 0 _aGlobalization and egalitarian redistribution /
_cedited by Pranab Bardhan, Samuel Bowles & Michael Wallerstein.
260 _aNew York :
_bRussell Sage Foundation ;
_aPrinceton, N.J. :
_bPrinceton University Press,
_cc2006.
300 _axii, 326 p. :
_bill. ;
_c24 cm.
500 _aResearch from a workshop, "Persistent Inequality in a Competitive World," and from other projects funded by a grant from the Russell Sage Foundation to the Santa Fe Institute.
504 _aIncludes bibliographical references and index.
505 0 _aGlobalization and the limits to poverty alleviation / Pranab Bardhan -- Social protection in a supranational context: European integration and the fates of the "European social model" / Claus Offe -- Threat effects of capital mobility on wage bargaining / Minsik Choi -- Constraints, opportunities, and information: financial market-government relations around the world / Layna Mosley -- Egalitarian redistribution in globally integrated economies / Samuel Bowles -- Social democracy as a development strategy / Karl Ove Moene & Michael Wallerstein -- Globalization and democracy / Adam Przeworski & Covadonga Meseguer Yebra -- Between redistribution and trade: the political economy of protectionism and domestic compensation / Carles Boix -- Public opinion, international economic integration, and the welfare state / Kenneth Scheve & Matthew J. Slaughter -- Immigration and redistribution in a global era / Stuart Soroka, Keith Banting & Richard Johnston -- Economic integration, cultural standardization, and the politics of social insurance / Samuel Bowles & Ugo Pagano -- Conclusion / Pranab Bardhan, Samuel Bowles & Michael Wallerstein.
650 0 _aInternational economic integration
_xSocial aspects
_vCongresses.
650 0 _aIncome distribution
_vCongresses.
650 0 _aEquality
_vCongresses.
700 1 _aBardhan, Pranab K.
700 1 _aBowles, Samuel.
700 1 _aWallerstein, Michael,
_d1951-
710 2 _aRussell Sage Foundation.
856 4 2 _3Contributor biographical information
_uhttp://www.loc.gov/catdir/enhancements/fy0654/2005049940-b.html
856 4 2 _3Publisher description
_uhttp://www.loc.gov/catdir/enhancements/fy0654/2005049940-d.html
906 _a7
_bcbc
_corignew
_d1
_eocip
_f20
_gy-gencatlg
942 _2ddc
_cBK
999 _c15586
_d15586